00626 a2200169 4500260000900000100001700009260007600026245006500102300001600167650008900183260000900272300001700281130000800298035000900306440006800315500007300383 aRome aHOPFEN, H.J. bOrganisation des Nations Unies pour l'Alimentation et Agriculture, 1970 aL'outillage agricole pour les régions arides et tropicales aXII, 156 p. a c1970 bill. ; 13 cm lFr. a4363 a(Collection FAO : progrès et mise en valeur-Agriculture ; 91) aNotes bibliographiques au bas des pages. - Bibliographie pp. 153-156